1942 1546 1791 1092 1316 1438 1125 1666 1327 1691 1675 1497 1737 1804 1799 1110 1072 1722 1082 1971 1470 1086 1257 1722 1462 1288 1393 1882 1185 1971 1098 1725 1737 1033 1261 1218 1412 1326 1055 1252 1460 1655 1325 1983 1222 1495 1035 1492 1667 1592 1528 1658 1113 1609 1032 1688 1401 1345 1880 1237 1281 1423 1953 1088 1440 1547 1490 1909 1189 1773 1377 1713 1803 1505 1386 1786 1475 1985 1123 1047 1754 1532 1799 1848 1957 1209 1081 1112 1981 1568 1359 1034 1562 1263 1092 1248 1905 1091 1220 BCNSPRNW ULIB Ver.6.0+V

เปลี่ยนเป็นภาษาไทย

Change to English
 แสดงรายละเอียดบรรณานุกรม
  กลับหน้าหลัก

Brief Record : Get Marc (ISO 2709) : E-mail record : QR code < ปิดหน้าต่าง
LEADER : 00000nam 2200000uu 4500
001    13399112570
003     ULIB
008    110825s2548||||th 000 0 tha d
050  4 HQ1064.T5^bส598พ 2548
245 00 พระราชบัญญัติผู้สูงอายุ พ.ศ. 2546 /^cสำนักส่งเสริมและพิทักษ์ผู้สูงอายุ สำนักงานส่งเสริมสวัสดิภาพและพิทักษ์เด็ก เยาวชนผู้ด้อยโอกาส คนพิการ และผู้สูงอายุ กระทรวงการพัฒนาสังคมและความมั่นคงของมนุษย์
250    พิมพ์ครั้งที่ 1
260    กรุงเทพฯ :^bสำนักส่งเสริมและพิทักษ์ผู้สูงอายุ สำนักงานส่งเสริมสวัสดิภาพและพิทักษ์เด็ก เยาวชนผู้ด้อยโอกาส คนพิการ และผู้สูงอายุ,^c2548
300    13 หน้า ;^c21 ซม.
650  4 ผู้สูงอายุ^xกฎหมายและระเบียบข้อบังคับ
650  4 ผู้สูงอายุ^xการสงเคราะห์
650  4 ผู้สูงอายุ^xนโยบายของรัฐ
650  4 ผู้สูงอายุ^xสถานภาพทางกฎหมาย^zไทย
650  4 พระราชบัญญัติผู้สูงอายุ
710 2  สำนักงานส่งเสริมสวัสดิภาพและพิทักษ์เด็ก เยาวชนผู้ด้อยโอกาส คนพิการ และผู้สูอายุ. ^bสำนักส่งเสริมและพิทักษ์ผู้สูงอายุ
945    ^p0^l0^i018328
995    ทศพร
999 ^a ใช้งานได้ทุกระบบ
รายการนี้ยังไม่มีแท็ก
คุณยังไม่ได้ล็อกอิน คุณสามารถมีกิจกรรมร่วมกับเว็บไซต์ได้ แต่ต้องล็อกอินก่อน ::
  ล็อกอิน

รายการสื่อสารสนเทศ

ลำดับที่ ประเภท เลขเรียก/บาร์โค้ด สถานที่ สถานะ
- ไม่พบข้อมูล -

BibComment


ยังไม่เคยถูกคอมเมนท์

คอมเมนท์ทรัพยากรรายการนี้
  คอมเมนท์: พระราชบัญญัติผู้ส..


 Copyright 2026. Bcnsprnw @Library